Statistics for Tallest Mountain Of Each Asian Country

Click here to take the quiz!

General Stats

  • This quiz has been taken 15 times
  • The average score is 8 of 47

Answer Stats

CountryMountain% Correct
China, NepalMount Everest
92%
JapanMount Fuji
85%
TurkeyMount Ararat
77%
PakistanK2
69%
Indonesia{Puncak} Jaya
46%
VietnamFansipan
38%
LaosPhou {Bia}
31%
SingaporeBukit {Timah} Hill
31%
IndiaKangchenjunga
31%
PhilippinesMount Apo
23%
CyprusMount Olympus
15%
CambodiaPhnom {Aural}
15%
Tajikistan{Ismoil} Somoni Peak
15%
BruneiBukit {Pagon}
15%
TaiwanYushan
15%
Iraq{Cheekha} Dar
15%
Bhutan{Gangkhkar} Puensum
15%
BahrainMountain of {Smoke}
15%
Myanmar{Hkakabo} Razi
8%
Sri Lanka{Piduru}talagala
8%
South KoreaHallasan
8%
Uzbekistan{Khazret} Sultan
8%
Saudi ArabiaJabal {Sawda}
8%
AfghanistanNoshaq
8%
LebanonQurnat as {Sawda}'
8%
MaldivesMount Villingili
8%
Kuwait{Mutla} Ridge
8%
Azerbaijan{Bazar}düzü
8%
IranMount Damavand
8%
IsraelMount Meron
8%
YemenJabal An-Nabi {Shu'ayb}
8%
Malaysia{Gunung} Kinabalu
8%
GeorgiaShkhara
0%
BangladeshSaka {Haphong}
0%
United Arab EmiratesJabal Al {Jais}
0%
TurkmenistanAýrybaba
0%
East TimorMount Ramelau
0%
ThailandInthanon
0%
ArmeniaMount Aragats
0%
KyrgyzstanJengish
0%
SyriaJabal el-{Sheikh}
0%
Mongolia{Khüiten} Peak
0%
JordanJabal Umm ad {Dami}
0%
KazakhstanKhan {Tengri}
0%
OmanJabal {Shams}
0%
QatarQurayn Abu al {Bawl}
0%
North KoreaPaektu Mountain
0%

Score Distribution

Percentile by Number Answered

Percent of People with Each Score

Your Score History

You have not taken this quiz